000 00367 a2200169 4500
001 194662
020 _a978-85-08-073330-6
040 _cMagnum
100 _aPorto, Cristina
240 1 0 _aCatarina Malagueta
_lpor
245 1 0 _aCatarina Malagueta
300 _a136
362 0 _a1999
440 1 _aÁtica
697 _aLITERATURA INFANTO-JUVENIL
942 _cBK
999 _c194662
_d194662